000 00382nam a2200169Ia 4500
003 STCL
008 181203s9999 xx 000 0 und d
020 _a9780553819229
040 _aSTCL
_bEN
_cSTCL
082 _222
100 _aHawking, Stephen
245 4 _aThe Grand Design
260 _bBantam Books
_aLondon
_c2011
300 _a250
546 _aEnglish
942 _2ddc
_cBK
999 _c87122
_d87122